Gleiche Wörter in den Namen der Hauptstädte - Statistiken

Allgemein
  • Dieses Quiz wurde 208 mal gespielt
  • Das Durchschnittsergebnis liegt bei 8 aus 21
Antwortstatistiken
Wort Land % Korrekt
Mexiko-Stadt
75%
Singapur
71%
Guatemala- Stadt
64%
Panama-Stadt
63%
Port-au-Prince
60%
Port Moresby
53%
Port-of-Spain
50%
Vatikanstadt
49%
Port Louis
45%
Kuwait-Stadt
44%
Stadt Kapstadt
37%
Du Dublin
34%
Kathmandu
34%
Port Porto-Novo
34%
Duschanbe
30%
Port Vila
30%
pur Kuala Lumpur
22%
Sri Jayawardenepura Kotte
8%
Vaduz
8%
Pretoria
7%
Tor Victoria
4%
Keine übereinstimmenden Quizze gefunden
Verteilung der Resultate
Anzahl Personen mit jedem Resultat
Perzentil nach korrekt beantworteten Fragen
Ihre Resultats-Entwicklung
Sie haben dieses Quiz noch nicht gespielt